=LDR 00000nam 2200000 4500 =001 INLIS000000000013657 =005 20130612105020 =008 ***********************************Ind** =035 ##$$0010-061300000013657 =041 ##$$a Ind =082 ##$$a 028.5 =090 ##$$a 028.5, Han m =100 ##$$a Hanafi, Tevi =245 ##$$a Menabung, Tevi Hanafi =260 ##$$a 2000 $b Yogyakarta =300 ##$$a 24 hlm, Ilus, 19 cm =650 ##$$a Bacaan anak-anak =850 ##$$a NBPNMAT